Mikrosporídiové infekcie u zvierat a ľudí

Bibliographic Details
Main Authors: Sulinová, Z. (Author), Halánová, Monika, 1970- (Author), Čisláková, Lýdia, 1947- (Author), Kalinová, Z. (Author), Malčeková, B. (Author)
Format: Article
Language:Slovak
PhysicalDescription:Obr.
ISSN:1335-0099
Subjects:

MARC

LEADER 00000nab a2200000 a 4500
001 vtls009529528
003 SK-MaSNL
005 20260304214812.0
008 250507 2009 xo || |||| ||slo
015 |a SNBRB2009/06  |2 snkbucl 
035 |a (uuid)3f2e4945-f429-44a2-813e-7e7cff06fed9 
035 |a urn:nbn:sk:snk-ab14lc 
035 |a (urnnbn)urn:nbn:sk:snk:ar-a03v3z 
038 |a SNKBUCL 
040 |a SNKBUCL  |b slo  |c SNKBUCL  |e AACR2 
041 0 |a slo  |b eng  |b slo 
044 |a xo  |c SK 
080 |a 616.993.1  |2 2001 
080 |a 636.09:616.993.1  |2 2001 
080 |a 576.89  |2 2001 
080 |a 616.992  |2 2001 
245 0 0 |a Mikrosporídiové infekcie u zvierat a ľudí  |c Z. Sulinová ... [et al.] 
300 |b Obr. 
546 |a Res. angl., slov. 
650 0 7 |a mikrosporidióza  |2 snkbucl  |9 1544323 
650 0 7 |a mikrosporídie  |2 snkbucl  |9 1369184 
650 0 7 |a epidemiológia  |2 snkbucl  |9 836 
650 0 7 |a symptómy  |2 snkbucl  |9 73522 
650 0 7 |a diagnostika (medicína)  |2 snkbucl  |9 28740 
650 0 7 |a terapia  |2 snkbucl  |9 781 
650 0 7 |a prevencia ochorení  |2 snkbucl  |9 69501 
650 0 7 |a zvieratá  |2 snkbucl  |9 1091 
650 0 7 |a človek  |2 snkbucl  |9 16150 
700 1 |a Sulinová, Z.  |4 aut  |9 822391 
700 1 |a Halánová, Monika,  |d 1970-  |4 aut  |9 209804 
700 1 |a Čisláková, Lýdia,  |d 1947-  |4 aut  |9 98134 
700 1 |a Kalinová, Z.  |4 aut  |9 701407 
700 1 |a Malčeková, B.  |4 aut  |9 827842 
773 0 |t Slovenský veterinársky časopis = Slovak veterinary journal  |g Roč. XXXIV, č. 2 (2009), s. 106-109  |x 1335-0099 
850 |a Slovenská národná knižnica 
852 |a Slovenská národná knižnica 
954 |a odborná, vedecká literatúra pôvodná (slovenská)  |2 lita 
958 |a article27 
958 |a MI 
958 |a OND 
958 |a EUIPO 
999 |c 3143335  |d 3145265